| Tag |
First Indicator |
Second Indicator |
Subfields |
| LEADER |
00000cam a2200000 4500 |
| 001 |
in00000452213 |
| 005 |
20151012085551.0 |
| 008 |
761023s1956 fr a b 00000 fre |
| 010 |
|
|
|a 56059157
|
| 035 |
|
|
|a (OCoLC)02522542
|
| 035 |
|
|
|9 ABY3178AM
|
| 040 |
|
|
|a DLC
|c YDM
|d TXA
|d UtOrBLW
|
| 049 |
|
|
|a TXAM
|c [327357]
|
| 050 |
|
0 |
|a QD905
|b .G94 1956
|
| 092 |
|
|
|a 548.83
|b G964t, 1956
|
| 100 |
1 |
|
|a Guinier, André.
|
| 245 |
1 |
0 |
|a Theorie et technique de la radiocristallographie.
|
| 250 |
|
|
|a 2. ed.
|
| 264 |
|
1 |
|a Paris :
|b Dunod,
|c 1956.
|
| 300 |
|
|
|a 736 pages :
|b illustrations ;
|c 25 cm.
|
| 336 |
|
|
|a text
|b txt
|2 rdacontent
|
| 337 |
|
|
|a unmediated
|b n
|2 rdamedia
|
| 338 |
|
|
|a volume
|b nc
|2 rdacarrier
|
| 500 |
|
|
|a First published under title: Radiocristallographie.
|
| 504 |
|
|
|a Includes bibliography.
|
| 650 |
|
0 |
|a Crystallography.
|
| 650 |
|
0 |
|a X-rays.
|
| 740 |
0 |
|
|a Radiocrystallographie.
|
| 999 |
|
|
|a MARS
|
| 999 |
f |
f |
|s 0cb3df9a-0bd2-310e-aca2-1d573529ac93
|i c63db88e-4ee9-39ae-a7c2-1da54630f82b
|t 0
|
| 952 |
f |
f |
|p ric
|a Texas A&M University
|b Rellis Campus
|c Joint Library Facility
|s JLF
|d Remote Storage
|t 0
|e QD905 .G94 1956
|h Library of Congress classification
|i unmediated -- volume
|m A14800947160
|
| 998 |
f |
f |
|a QD905 .G94 1956
|t 0
|l Remote Storage
|